Literatura y libertad (Record no. 172808)

MARC details
000 -LEADER
campo de control de longitud fija 00914nam a2200193 i 4500
001 - NÚMERO DE CONTROL
campo de control 172808
003 - IDENTIFICADOR DE NÚMERO DE CONTROL
campo de control ES-MaACL
005 - FECHA Y HORA DE LA ÚLTIMA TRANSACCIÓN
campo de control 20250801143434.0
008 - DATOS DE LONGITUD FIJA--INFORMACIÓN GENERAL
campo de control de longitud fija 090910s2007 sp |||| | spa d
245 00 - MENCIÓN DEL TÍTULO
Título Literatura y libertad
Resto del título : el compromiso del escritor : 1937-2007 : 70 aniversario del Congreso de Intelectuales en Defensa de la Cultura : Madrid, 17, 18, 19, 20 de septiembre, Ateneo de Madrid, Salón de Actos [Programa].
260 ## - PUBLICACIÓN, DISTRIBUCIÓN, ETC.
Lugar de publicación, distribución, etc. Madrid :
Nombre del editor, distribuidor, etc. Asociación Colegial de Escritores de España,
Fecha de publicación, distribución, etc. [2007]
300 ## - DESCRIPCIÓN FÍSICA
Extensión [16] p. ;
Dimensiones 21 cm.
610 24 - PUNTO DE ACCESO ADICIONAL DE MATERIA--NOMBRE DE ENTIDAD CORPORATIVA
Nombre de entidad corporativa o nombre de jurisdicción como elemento de entrada Ateneo de Madrid-
Subdivisión de forma Conferencias-
Subdivisión cronológica 2000-
9 (RLIN) 168597
611 24 - PUNTO DE ACCESO ADICIONAL DE MATERIA--NOMBRE DE REUNIÓN/CONGRESO
Nombre de congreso/reunión o jurisdicción como elemento de entrada Congreso Internacional de Escritores para la Defensa de la Cultura (
Número del congreso/reunión o número de parte o sección 2º.
Fecha del congreso o de la firma del tratado 1937.
Sede del congreso/Lugar de la reunión Valencia, etc.)
9 (RLIN) 168600
650 #7 - PUNTO DE ACCESO ADICIONAL DE MATERIA--TÉRMINO DE MATERIA
Término de materia o nombre geográfico como elemento de entrada Literatura y política
Fuente del encabezamiento o término embne
9 (RLIN) 14675
710 1# - ENTRADA AGREGADA--NOMBRE DE ENTIDAD CORPORATIVA
Nombre de entidad corporativa o nombre de jurisdicción como elemento de entrada Asociación Colegial de Escritores de España.
9 (RLIN) 1522
852 ## - LOCALIZACIÓN
Ubicación ES-MaACL
Número de control de estantería 2300-F-21
Holdings
Estatus retirado Estado de pérdida Estado de daño No para préstamo Colección Biblioteca de origen Biblioteca actual Ubicación en estantería Fecha de adquisición Fuente de adquisición Total de préstamos Signatura topográfica completa Código de barras Visto por última vez Precio de reemplazo Tipo de ítem Koha
        Colección de folletos Biblioteca del Ateneo de Madrid Biblioteca del Ateneo de Madrid Depósito folletos 10/09/2009     2300-F-21 1181336 23/02/2023 23/02/2023 Folleto